Mama Coca (Registro nro. 17845)

Detalles MARC
000 -LDR (LÍDER)
Campo de control de longitud fija 01694nam a2200385 a 4500
003 - IDENTIFICADOR DEL NÚMERO DE CONTROL
Campo de control CO-PeBPR
005 - FECHA Y HORA DE LA ÚLTIMA TRANSACCIÓN
Campo de control 20260501155041.0
008 - ELEMENTOS DE DATOS DE LONGITUD FIJA--INFORMACIÓN GENERAL
Campo de control de longitud fija 260415e2024 ck a|||| n||| 00| 0 spa c
020 ## - Código Internacional normalizado para libros
Código Internacional normalizado para libros 9789586658485
040 0# - FUENTE DE CATALOGACIÓN
Agencia catalogadora original CO-PeBPR
Idioma de la agencia catalogadora spa
Agencia que transcribe CO-PeBPR
Norma para la descripción rda
041 0# - Código del Idioma
Código idioma del recurso original spa
082 04 - NÚMERO DE CLASIFICACIÓN DECIMAL DEWEY
Número de clasificación 394.14 H514m
100 1# - ASIENTO PRINCIPAL--NOMBRE PERSONAL
Nombre personal Henman, Anthony
Términos de relación autor
245 10 - MENCIÓN DE TÍTULO
Título propiamente dicho Mama Coca
Mención de responsabilidad / Anthony Henman ; ilustraciones de Benjamín Jacanamijoy Tisoy ; traducción Gabriel Iriarte ; prólogo de Juan Carlos Piñacué
250 ## - MENCIÓN DE EDICIÓN
Mención de edición Edición especial
264 #1 - Área de la Producción Publicación, Distribución, Manufactura, etc.
Lugar de publicación, distribución, etc. Bogotá, Colombia
Nombre de la editorial, distribuidor, etc. : Siglo del Hombre
Fecha de publicación, distribución, etc. , 2024
300 ## - DESCRIPCIÓN FÍSICA
Extensión 328 páginas
Otros detalles físicos : ilustraciones a color
Dimensiones ; 24 centímetros
336 ## - Tipo de Contenido
Tipo de contenido texto
Código de tipo de contenido txt
Fuente rdacontenido
337 ## - Tipo de Medio
Tipo de Medio sin mediación
Código de tipo de medio n
Fuente rdamedio
338 ## - Tipo de Soporte
Tipo de soporte volumen
Código de tipo de soporte nc
Fuente rdasoporte
490 ## - MENCIÓN DE SERIE
Título de la serie Plan Nacional de Lectura, Escritura y Oralidad / Ministerio de las Culturas, las Artes y los Saberes.
500 ## - NOTA GENERAL
Nota general Incluye índice.
500 ## - NOTA GENERAL
Nota general Incluye apéndice.
500 ## - NOTA GENERAL
Nota general Contiene reseñas biográficas de los autores.
505 ## - NOTA DE CONTENIDO CON FORMATO PREESTABLECIDO
Nota de contenido con formato Mama coca. -- La coca y el Occidente. -- Botánica, arqueología, historia colonial. -- La política de la cocaína. -- Cómo mascar hojas de coca. -- Cómo cultivar su propia coca. -- Mama coca : una nueva aproximación.
650 14 - ASIENTO SECUNDARIO DE MATERIA - TÉRMINO TEMÁTICO
Fuente del encabezado o término LEMB
Encabezamiento temático Coca
Subdivisión general Aspectos sociales
Subdivisión geográfica América del Sur
650 14 - ASIENTO SECUNDARIO DE MATERIA - TÉRMINO TEMÁTICO
Fuente del encabezado o término LEMB
Encabezamiento temático Coca
Subdivisión general Comercio
Subdivisión geográfica América del Sur
650 14 - ASIENTO SECUNDARIO DE MATERIA - TÉRMINO TEMÁTICO
Fuente del encabezado o término LEMB
Encabezamiento temático Medicina indígena
650 14 - ASIENTO SECUNDARIO DE MATERIA - TÉRMINO TEMÁTICO
Fuente del encabezado o término LEMB
Encabezamiento temático Cultivo de coca
Subdivisión geográfica Colombia
650 14 - ASIENTO SECUNDARIO DE MATERIA - TÉRMINO TEMÁTICO
Fuente del encabezado o término LEMB
Encabezamiento temático Cultivos ilícitos
Subdivisión geográfica Colombia
700 1# - ASIENTO SECUNDARIO - NOMBRE PERSONAL
Nombre personal Jacanamijoy Tisoy, Benjamín
Término de relación, rol en la obra ilustrador
700 1# - ASIENTO SECUNDARIO - NOMBRE PERSONAL
Nombre personal Iriarte, Gabriel
Término de relación, rol en la obra traductor
700 1# - ASIENTO SECUNDARIO - NOMBRE PERSONAL
Nombre personal Piñacué, Juan Carlos
Término de relación, rol en la obra prologuista
942 ## - ENTRADA DE ELEMENTOS AGREGADOS (KOHA
Fuente de clasificación o esquema de estantería. Dewey Decimal Classification
Tipo de ítem Libro
Existencias
Estado de pérdida Fuente del sistema de clasificación o colocación Estado de daño No disponible para préstamo Colección Biblioteca de origen Biblioteca actual Ubicación en estantería Signatura topográfica completa Ejemplar Código de barras Tipo de ítem Fecha de adquisición Fuente de adquisición Total de pagos Fecha de la última vez visto
  Dewey Decimal Classification     General Sala de Patrimonio Bibliográfico y Documental - Biblioteca Departamental Sala de Patrimonio Bibliográfico y Documental - Biblioteca Departamental Área General 394.14 H514m Ej.1 RIBPD16014 Libro 01/05/2026 Dotación MinCultura y BNC   01/05/2026